[Event "Oberliga Ost-A 0809"]
[Site "Germany"]
[Date "2009.03.28"]
[Round "10.7"]
[White "Doberitz, Paul"]
[Black "Noack, Christian"]
[Result "1-0"]
[WhiteElo "2104"]
[BlackElo "2095"]
[PlyCount "67"]
[EventDate "2008.10.12"]
[EventType "team-tourn"]
[EventRounds "11"]
[EventCountry "GER"]
[SourceTitle "EXT 2010"]
[Source "ChessBase"]
[SourceDate "2010.11.25"]
[SourceVersion "1"]
[SourceVersionDate "2010.11.25"]
[SourceQuality "1"]
[WhiteTeam "Leipzig Gohlis"]
[BlackTeam "Ebersbach"]
[WhiteTeamCountry "GER"]
[BlackTeamCountry "GER"]

1. e4 Nf6 2. e5 Nd5 3. d4 d6 4. Nf3 Bg4 5. Be2 e6 6. 0-0 Be7 7. h3 Bh5 8. c4 Nb6 9. Nc3 0-0 10. Be3 N8d7 11. exd6 cxd6 12. b3 a6 13. Qd2 Qc7 14. Rac1 Rad8 15. Rfe1 Bg6 16. Bd3 Bxd3 17. Qxd3 Rfe8 18. Bf4 e5 19. c5 dxc5 20. dxe5 Nf8 21. Qe3 Ne6 22. Bg3 Nd5 23. Nxd5 Rxd5 24. Nd2 Qd7 25. Ne4 b6 26. f4 Rd3 27. Qe2 Rd8 28. Kh2 Qc6 29. f5 Nc7 30. Qg4 g6 31. e6 h5 32. exf7+ Kxf7 33. Qxg6+ Qxg6 34. fxg6+ 1-0

[Event "Oberliga Ost-A 0809"]
[Site "Germany"]
[Date "2009.03.01"]
[Round "8.7"]
[White "Noack, Christian"]
[Black "Schwenke, Markus"]
[Result "1/2-1/2"]
[WhiteElo "2095"]
[BlackElo "2098"]
[PlyCount "81"]
[EventDate "2008.10.12"]
[EventType "team-tourn"]
[EventRounds "11"]
[EventCountry "GER"]
[SourceTitle "EXT 2010"]
[Source "ChessBase"]
[SourceDate "2010.11.25"]
[SourceVersion "1"]
[SourceVersionDate "2010.11.25"]
[SourceQuality "1"]
[WhiteTeam "Ebersbach"]
[BlackTeam "Magdeburg Aufbau Elbe"]
[WhiteTeamCountry "GER"]
[BlackTeamCountry "GER"]

1. e4 c6 2. d4 d5 3. exd5 cxd5 4. Bd3 Nf6 5. c3 Nc6 6. Ne2 Bg4 7. Bf4 e6 8. 0-0 Bd6 9. Bxd6 Qxd6 10. Nd2 0-0 11. f3 Bh5 12. Ng3 Bg6 13. Bxg6 hxg6 14. Nb3 b5 15. a3 a5 16. Qd3 b4 17. axb4 axb4 18. Ne2 bxc3 19. bxc3 Ra3 20. Rfb1 Rfa8 21. Qc2 Nd7 22. Rxa3 Rxa3 23. Ra1 Nb6 24. Rxa3 Qxa3 25. Nd2 Na5 26. Kf2 Kf8 27. Qb1 Qd6 28. g3 Ke7 29. Qb5 Nac4 30. Nxc4 Nxc4 31. Qb7+ Kf6 32. Qb1 g5 33. Qc1 Kg6 34. Qb1+ f5 35. Qb5 Kf6 36. Qe8 Nb2 37. Qb5 Qa3 38. Qe8 Nd1+ 39. Kg2 Qb2 40. Qf8+ Kg6 41. Qe8+ 1/2-1/2

[Event "Oberliga Ost-A 0506"]
[Site "Germany"]
[Date "2006.01.29"]
[Round "7.8"]
[White "Noack, Christian"]
[Black "Zeuner, Michael"]
[Result "1/2-1/2"]
[WhiteElo "2135"]
[BlackElo "2153"]
[PlyCount "105"]
[EventDate "2005.11.13"]
[EventType "team-tourn"]
[EventRounds "11"]
[EventCountry "GER"]
[SourceTitle "EXT 2007"]
[Source "ChessBase"]
[SourceDate "2006.11.23"]
[SourceVersion "1"]
[SourceVersionDate "2006.11.23"]
[SourceQuality "1"]
[WhiteTeam "Ebersbach"]
[BlackTeam "Magdeburg Aufbau Elbe"]
[WhiteTeamCountry "GER"]
[BlackTeamCountry "GER"]

1. e4 c5 2. Nf3 e6 3. Be2 Nc6 4. 0-0 Nf6 5. Nc3 d5 6. exd5 Nxd5 7. Ne4 Be7 8. d4 cxd4 9. Nxd4 Bd7 10. a3 Qb6 11. Nf3 f5 12. Ng3 Nf6 13. Bf4 Nd5 14. Bc1 g6 15. c4 Nf6 16. b4 Rd8 17. Bf4 Bc8 18. Qc2 Nd4 19. Nxd4 Qxd4 20. Be3 Qh4 21. Bxa7 Kf7 22. Rfd1 e5 23. f3 e4 24. Bf2 e3 25. Be1 f4 26. Ne4 Qh5 27. Bc3 Bf5 28. Bd3 Qh4 29. Be1 Qh6 30. c5 Nxe4 31. Bxe4 Bxe4 32. Qxe4 g5 33. Bc3 Rhe8 34. Qf5+ Kg8 35. Qe5 Bf8 36. Qh8+ Kf7 37. Rxd8 Rxd8 38. Qe5 Kg8 39. b5 Bg7 40. Qxg7+ Qxg7 41. Bxg7 Kxg7 42. a4 Kf6 43. Kf1 Ke7 44. a5 Rd5 45. Rc1 Kd8 46. g3 Kc8 47. gxf4 gxf4 48. Rc4 Rd1+ 49. Ke2 Rd2+ 50. Ke1 Rb2 51. b6 Rb1+ 52. Ke2 Rb2+ 53. Ke1 1/2-1/2

[Event "Leutersdorf Muench Braeu op 07th"]
[Site "Leutersdorf"]
[Date "2002.02.16"]
[Round "8"]
[White "Noack, Christian"]
[Black "Starostits, Andris"]
[Result "0-1"]
[WhiteElo "2143"]
[BlackElo "2214"]
[PlyCount "60"]
[EventDate "2002.02.11"]
[EventType "swiss"]
[EventRounds "9"]
[EventCountry "GER"]
[SourceTitle "CBM 086 Extra"]
[Source "ChessBase"]
[SourceDate "2002.03.14"]
[SourceVersion "1"]
[SourceVersionDate "2002.03.14"]
[SourceQuality "1"]

1. e4 e6 2. d4 d5 3. Nc3 Nf6 4. e5 Nfd7 5. Nf3 c5 6. dxc5 Bxc5 7. Bd3 Nc6 8. Bf4 h6 9. Bg3 a6 10. 0-0 0-0 11. Qe2 Nb4 12. Rac1 b5 13. a3 Nxd3 14. cxd3 Bb7 15. d4 Be7 16. Nd2 Nb6 17. f4 Nc4 18. Nb3 a5 19. Nxb5 a4 20. Nc5 Bxc5 21. dxc5 Ba6 22. Nd4 Na5 23. Qg4 Bxf1 24. Kxf1 Qb8 25. f5 Qxb2 26. Rd1 Nc4 27. Bf4 Kh7 28. Qh5 exf5 29. Nxf5 Ra6 30. Nxh6 gxh6 0-1

[Event "Leutersdorf Muench Braeu op 07th"]
[Site "Leutersdorf"]
[Date "2002.02.15"]
[Round "6"]
[White "Noack, Christian"]
[Black "Haense, Felix"]
[Result "1-0"]
[WhiteElo "2143"]
[BlackElo "1508"]
[PlyCount "87"]
[EventDate "2002.02.11"]
[EventType "swiss"]
[EventRounds "9"]
[EventCountry "GER"]
[SourceTitle "CBM 086 Extra"]
[Source "ChessBase"]
[SourceDate "2002.03.14"]
[SourceVersion "1"]
[SourceVersionDate "2002.03.14"]
[SourceQuality "1"]

1. e4 c5 2. c3 e6 3. d4 cxd4 4. cxd4 Nf6 5. Nc3 Bb4 6. Bd3 Nc6 7. Nf3 d5 8. e5 Ne4 9. Bd2 Nxd2 10. Qxd2 f6 11. Qf4 0-0 12. Qh4 h6 13. 0-0 fxe5 14. Qxd8 Rxd8 15. dxe5 a6 16. Rac1 Bd7 17. Ne2 Ba5 18. Ned4 Nb4 19. Bb1 Rac8 20. a3 Nc6 21. b4 Bb6 22. Nb3 Bc7 23. Rfe1 b6 24. Bd3 a5 25. Ba6 axb4 26. Bxc8 Rxc8 27. axb4 Nxb4 28. Rc3 Bb8 29. Rxc8+ Bxc8 30. Ra1 Na6 31. Nbd4 Kf7 32. Rb1 Bc7 33. Nb5 Bd7 34. Nxc7 Nxc7 35. Rxb6 Nb5 36. Kf1 Na3 37. Nd4 Nc4 38. Rb7 Ke8 39. f4 Ne3+ 40. Kf2 Nd1+ 41. Kf3 Nc3 42. f5 exf5 43. e6 Ba4 44. Nxf5 1-0

[Event "Leutersdorf Muench Braeu op 07th"]
[Site "Leutersdorf"]
[Date "2002.02.14"]
[Round "5"]
[White "Schoene, Maria"]
[Black "Noack, Christian"]
[Result "0-1"]
[WhiteElo "1891"]
[BlackElo "2143"]
[PlyCount "70"]
[EventDate "2002.02.11"]
[EventType "swiss"]
[EventRounds "9"]
[EventCountry "GER"]
[SourceTitle "CBM 086 Extra"]
[Source "ChessBase"]
[SourceDate "2002.03.14"]
[SourceVersion "1"]
[SourceVersionDate "2002.03.14"]
[SourceQuality "1"]

1. e4 Nf6 2. e5 Nd5 3. c4 Nb6 4. d4 d6 5. exd6 cxd6 6. d5 N8d7 7. Be3 Nf6 8. Nc3 g6 9. Bd3 Bg7 10. Nge2 Ng4 11. Bd4 Ne5 12. 0-0 0-0 13. b3 e6 14. Bc2 exd5 15. cxd5 f5 16. Qd2 Bd7 17. Rfe1 f4 18. f3 Qg5 19. Kh1 Qh5 20. Be4 g5 21. Bg1 Rf6 22. Nd4 g4 23. Rac1 Raf8 24. Qe2 Rh6 25. Ne6 Bxe6 26. dxe6 Rxe6 27. Bxb6 axb6 28. Bd5 Rfe8 29. Bxe6+ Rxe6 30. fxg4 Qh4 31. h3 f3 32. Qe4 Qg3 33. Rc2 Rh6 34. Qd5+ Kh8 35. Qxb7 Qxe1+ 0-1

[Event "Leutersdorf Muench Braeu op 07th"]
[Site "Leutersdorf"]
[Date "2002.02.12"]
[Round "2"]
[White "Noack, Christian"]
[Black "Helmbold, Irene"]
[Result "1-0"]
[WhiteElo "2143"]
[BlackElo "1533"]
[PlyCount "53"]
[EventDate "2002.02.11"]
[EventType "swiss"]
[EventRounds "9"]
[EventCountry "GER"]
[SourceTitle "CBM 086 Extra"]
[Source "ChessBase"]
[SourceDate "2002.03.14"]
[SourceVersion "1"]
[SourceVersionDate "2002.03.14"]
[SourceQuality "1"]

1. e4 c5 2. b3 Nc6 3. Bb2 d6 4. Nf3 e6 5. Be2 Nf6 6. Nc3 Be7 7. 0-0 0-0 8. d4 cxd4 9. Nxd4 a6 10. Kh1 Qc7 11. f4 b5 12. Nxc6 Qxc6 13. e5 dxe5 14. fxe5 Nd5 15. Nxd5 exd5 16. Bd3 Bg5 17. Ba3 Bd7 18. Bxf8 Rxf8 19. Qe2 Qh6 20. Qf3 Bc6 21. Rae1 Be7 22. Qf5 g6 23. Qg4 Bh4 24. Re2 Bb7 25. Qf3 Qg7 26. Qf4 Bd8 27. c4 1-0

[Event "Leutersdorf Muench Braeu op 07th"]
[Site "Leutersdorf"]
[Date "2002.02.11"]
[Round "1"]
[White "Butzke, Daniel"]
[Black "Noack, Christian"]
[Result "1-0"]
[WhiteElo "1742"]
[BlackElo "2143"]
[PlyCount "107"]
[EventDate "2002.02.11"]
[EventType "swiss"]
[EventRounds "9"]
[EventCountry "GER"]
[SourceTitle "CBM 086 Extra"]
[Source "ChessBase"]
[SourceDate "2002.03.14"]
[SourceVersion "1"]
[SourceVersionDate "2002.03.14"]
[SourceQuality "1"]

1. e4 Nf6 2. Nc3 d5 3. exd5 Nxd5 4. Bc4 c6 5. d4 e6 6. Nf3 Bb4 7. Bd2 Qa5 8. Ne4 Bxd2+ 9. Nexd2 Nd7 10. 0-0 0-0 11. c3 b5 12. Bd3 N7f6 13. Ne5 Bb7 14. Re1 Qc7 15. Ne4 Nxe4 16. Rxe4 Qe7 17. Bc2 Rad8 18. Qd3 f5 19. Ree1 c5 20. Qxb5 Nf4 21. g3 Nh3+ 22. Kf1 cxd4 23. Nc6 Bxc6 24. Qxc6 dxc3 25. Qxc3 Rc8 26. Qb3 Kh8 27. Rxe6 Qc5 28. Re2 Qc6 29. f3 Ng5 30. Kg2 f4 31. g4 Qh6 32. Rh1 Qh3+ 33. Kf2 Qh4+ 34. Kg2 Rfe8 35. Rxe8+ Rxe8 36. Qd3 Nh3 37. Rf1 Ng5 38. Rh1 Nf7 39. Qc4 Ng5 40. Qd3 Ne6 41. Qb5 Rd8 42. Rd1 Rf8 43. Qh5 Qxh5 44. gxh5 Rd8 45. Rxd8+ Nxd8 46. b4 Nc6 47. b5 Ne5 48. Bb3 h6 49. a4 g5 50. hxg6 Nxg6 51. a5 Ne5 52. b6 axb6 53. axb6 Kg7 54. Ba4 1-0

[Event "Leutersdorf Muench Braeu op 05th"]
[Site "Leutersdorf"]
[Date "2000.02.15"]
[Round "5"]
[White "Meijers, Viesturs"]
[Black "Noack, Christian"]
[Result "1-0"]
[WhiteElo "2482"]
[BlackElo "2090"]
[PlyCount "111"]
[EventDate "2000.02.13"]
[EventType "swiss"]
[EventRounds "9"]
[EventCountry "GER"]
[SourceTitle "EXT 2001"]
[Source "ChessBase"]
[SourceDate "2000.11.22"]
[SourceVersion "1"]
[SourceVersionDate "2000.11.22"]
[SourceQuality "1"]

1. e4 Nf6 2. e5 Nd5 3. d4 d6 4. c4 Nb6 5. exd6 cxd6 6. Nf3 g6 7. b3 Bg7 8. Bb2 0-0 9. Be2 Nc6 10. 0-0 Bg4 11. Nbd2 d5 12. c5 Nd7 13. Rc1 e6 14. a3 a5 15. h3 Bxf3 16. Nxf3 Nf6 17. Qe1 Qc7 18. b4 axb4 19. axb4 Ra2 20. Qc3 Ne4 21. Qb3 Rfa8 22. Bb5 h5 23. h4 Bf6 24. Rc2 R2a7 25. g3 Ra2 26. Rd1 Bg7 27. Re2 Bh6 28. Kg2 Bg7 29. Bc1 Ra1 30. Bf4 Qc8 31. Rxa1 Rxa1 32. Qb2 Ra8 33. Bd3 Ra4 34. Bxe4 Rxb4 35. Qc3 dxe4 36. Rxe4 Rb1 37. Qc2 Rb4 38. Bd2 Nxd4 39. Qa2 Qc6 40. Qa8+ Bf8 41. Bh6 Qxc5 42. Rxd4 Rxd4 43. Bxf8 Qxf8 44. Qxf8+ Kxf8 45. Nxd4 Ke7 46. Kf3 e5 47. Nb5 f5 48. Ke3 Ke6 49. f4 Kd5 50. Nc3+ Ke6 51. Kd3 Kd6 52. Kc4 Ke6 53. Kc5 b6+ 54. Kxb6 e4 55. Kc5 g5 56. hxg5 1-0

[Event "Leutersdorf Muench Braeu op 05th"]
[Site "Leutersdorf"]
[Date "2000.02.15"]
[Round "4"]
[White "Noack, Christian"]
[Black "Kahn, Manfred"]
[Result "1/2-1/2"]
[WhiteElo "2090"]
[BlackElo "2208"]
[PlyCount "25"]
[EventDate "2000.02.13"]
[EventType "swiss"]
[EventRounds "9"]
[EventCountry "GER"]
[SourceTitle "EXT 2001"]
[Source "ChessBase"]
[SourceDate "2000.11.22"]
[SourceVersion "1"]
[SourceVersionDate "2000.11.22"]
[SourceQuality "1"]

1. e4 e6 2. d4 d5 3. exd5 exd5 4. c3 Bd6 5. Nf3 Nf6 6. Bd3 0-0 7. 0-0 Bg4 8. Bg5 Nbd7 9. Nbd2 c6 10. Qc2 Qc7 11. Bf5 Bh5 12. Rfe1 Rfe8 13. Bh4 1/2-1/2

[Event "Leutersdorf Muench Braeu op 05th"]
[Site "Leutersdorf"]
[Date "2000.02.14"]
[Round "2"]
[White "Noack, Christian"]
[Black "Hoffmann, Hendrik"]
[Result "0-1"]
[WhiteElo "2090"]
[BlackElo "2306"]
[PlyCount "100"]
[EventDate "2000.02.13"]
[EventType "swiss"]
[EventRounds "9"]
[EventCountry "GER"]
[SourceTitle "EXT 2001"]
[Source "ChessBase"]
[SourceDate "2000.11.22"]
[SourceVersion "1"]
[SourceVersionDate "2000.11.22"]
[SourceQuality "1"]

1. e4 d6 2. d4 Nf6 3. Nc3 g6 4. Be3 c6 5. Qd2 b5 6. Bd3 Bg7 7. h3 Nbd7 8. Nf3 0-0 9. 0-0 Qc7 10. Rad1 Bb7 11. Bh6 e5 12. Bxg7 Kxg7 13. dxe5 dxe5 14. Ne2 Rad8 15. Ng3 Ng8 16. Qc3 a6 17. Rd2 Ne7 18. b4 f6 19. Rfd1 c5 20. Be2 c4 21. Qe3 Nb6 22. c3 Rxd2 23. Rxd2 Rd8 24. Nh2 Rxd2 25. Qxd2 Qd7 26. Qe3 Na8 27. Ng4 Ng8 28. f4 h5 29. Nf2 exf4 30. Qxf4 Qc7 31. Qh4 Qe5 32. Bxh5 gxh5 33. Nf5+ Kf8 34. Qxh5 Bxe4 35. Nxe4 Qxe4 36. Qg6 Qe1+ 37. Kh2 Qe5+ 38. Kh1 Qc7 39. h4 Nb6 40. Nd4 Qe7 41. h5 Nd5 42. Nf5 Qf7 43. Qg4 Nde7 44. Nd4 f5 45. Qf3 Nf6 46. Qa8+ Kg7 47. h6+ Kh7 48. Qxa6 Qh5+ 49. Kg1 Qd1+ 50. Kf2 Ne4+ 0-1